| 000 | 00870nam a22003135i 4500 | ||
|---|---|---|---|
| 999 |
_c478371 _d478371 |
||
| 001 | 18948622 | ||
| 003 | NUST | ||
| 005 | 20180524053257.0 | ||
| 008 | 160127s2016 nyu 000 0 eng | ||
| 010 | _a 2016931909 | ||
| 020 | _a9783662489918 (hardcover : alk. paper) | ||
| 038 | _aSNS Library | ||
| 040 |
_aDLC _beng _erda _cDLC |
||
| 042 | _apcc | ||
| 082 | _a515 | ||
| 100 | 1 |
_aZorich, Vladimir A. _910508 |
|
| 245 | 1 | 0 |
_aMathematical analysis II / _cVladimir A. Zorich. |
| 250 | _a2nd ed. | ||
| 263 | _a1602 | ||
| 264 | 1 |
_aNew York, NY : _bSpringer Berlin Heidelberg, _c2016. |
|
| 300 |
_a20 p. _bHb. |
||
| 336 |
_atext _btxt _2rdacontent |
||
| 337 |
_aunmediated _bn _2rdamedia |
||
| 338 |
_avolume _bnc _2rdacarrier |
||
| 490 | 0 | _aUniversitext | |
| 906 |
_a0 _bibc _corignew _d2 _eepcn _f20 _gy-gencatlg |
||
| 942 |
_2ddc _cBK |
||